Głowy Europejskich Państw-dla Kolegi Ignacego - Statystyki

Ogólne statystyki
  • Ten quiz został rozwiązany 160 razy
  • Średni wynik to 6 z 42
Statystyki odpowiedzi
Państwo Odpowiedź % Poprawnych
Polska Andrzej Duda
96%
Rosja Wladimir Putin
68%
Wielka Brytania Elżbieta II
66%
Francja Emmanuel Macron
60%
Hiszpania Filip VI
27%
Ukraina Petro Poroszenko
27%
Białoruś Alaksandr Łukaszenka
25%
Dania Małgorzata II
19%
Turcja Recep Tayyip Erdogan
18%
Norwegia Harald V
14%
Szwecja Karol XVI Gustaw
14%
Niemcy Frank-Walter Steinmeier
12%
Holandia Wilhelm Aleksander
12%
Monako Albert II Grimaldi
9%
Luksemburg Henryk
9%
Węgry Janos Ader
8%
Czechy Milos Zeman
8%
Włochy Sergio Mattarella
8%
Austria Alexander Van der Bellen
7%
Belgia Filip I Koburg
7%
Liechtenstein Jan Adam II
7%
Słowacja Andrej Kiska
5%
Litwa Dalia Grybauskaite
5%
Malta George Vella
5%
Portugalia Marcelo Rebelo de Sousa
5%
Irlandia Michael D. Higgins
5%
Bułgaria Rumen Radew
5%
Islandia Guoni Johannesson
4%
Mołdawia Igor Kodon
4%
Albania Ilir Meta
4%
Rumunia Klaus Iohannis
4%
Słowenia Borut Pahor
3%
Chorwacja Kolinda Grabar-Kitarovic
3%
Finlandia Sauli Niinisto
3%
Andora Antoni Martí
2%
Macedonia Gorge Iwanow
2%
Czarnogóra Milo Dukanovic
2%
Grecja Prokopis Pawlopulos
2%
Szwajcaria Ueli Maurer
2%
Serbia Aleksander Mucic
1%
Estonia Kersti Kaljulaid
1%
Łotwa Raimonds Vejonis
1%
Nie znaleziono quizów pasujących do podanych kryteriów
Rozkład punktacji
Procent ludzi z każdym wynikiem
Percentyl według liczby udzielonych odpowiedzi
Twoja historia wyników
Nie rozwiązałeś tego quizu